00968pab a2200145 454500008004000000100002300040245004300063260000900106300001500115362001100130520058400141650004100725650002200766773003400788180718b1996 xxu||||| |||| 00| 0 eng d aSrinivasan, Kannan aIndian power policy, Enron and the BoP c1996 ap.2207-214 a17 Aug a"The Enron deal has given investors an unrealistic expectation of the returns they can receive under the government's power policy. Glimpses provided by documents of how the government decided on Enron show it to have been fully aware of the damage this decision would cause. The Amended Power Purchase Agreement negotiated by the committee appointed by the Shiv-Sena-BJP government is even worse for the interests of Maharashtra than the Congress original of 1994. The balance of payments consequences of fuel imports for naphtha and fuel oil-based power plants will be ruinous" aPower industry - India - Maharashtra aEnergy Industries aEconomic and Political Weekly